|
|
|
|
| LEADER |
01543nam a2200397Ia 4500 |
| 001 |
EBC353419 |
| 003 |
MiAaPQ |
| 005 |
20200520144314.0 |
| 006 |
m o d | |
| 007 |
cr cn||||||||| |
| 008 |
071226s2008 nju sb 000 0 eng d |
| 010 |
|
|
|z 2007052395
|
| 020 |
|
|
|z 9780470193365 (pbk.)
|
| 020 |
|
|
|z 0470193360 (pbk.)
|
| 035 |
|
|
|a (MiAaPQ)EBC353419
|
| 035 |
|
|
|a (Au-PeEL)EBL353419
|
| 035 |
|
|
|a (CaPaEBR)ebr10296401
|
| 035 |
|
|
|a (CaONFJC)MIL138154
|
| 035 |
|
|
|a (OCoLC)236214700
|
| 040 |
|
|
|a MiAaPQ
|c MiAaPQ
|d MiAaPQ
|
| 050 |
|
4 |
|a HD62.5
|b .C638 2008
|
| 100 |
1 |
|
|a Collins, Mike,
|d 1963-
|
| 245 |
1 |
4 |
|a The million-dollar idea in everyone
|h [electronic resource] :
|b easy new ways to make money from your interests, insights, and inventions /
|c Mike Collins.
|
| 246 |
3 |
0 |
|a Ways to make money from your interests, insights, and inventions
|
| 260 |
|
|
|a Hoboken, NJ :
|b John Wiley & Sons,
|c c2008.
|
| 300 |
|
|
|a xiii, 201 p.
|
| 504 |
|
|
|a Includes bibliographical references.
|
| 533 |
|
|
|a Electronic reproduction. Ann Arbor, MI : ProQuest, 2015. Available via World Wide Web. Access may be limited to ProQuest affiliated libraries.
|
| 650 |
|
0 |
|a New business enterprises
|x Management.
|
| 650 |
|
0 |
|a Home-based businesses
|x Management.
|
| 650 |
|
0 |
|a Small business
|x Management.
|
| 650 |
|
0 |
|a Entrepreneurship.
|
| 650 |
|
0 |
|a Creative ability in business.
|
| 655 |
|
4 |
|a Electronic books.
|
| 710 |
2 |
|
|a ProQuest (Firm)
|
| 856 |
4 |
0 |
|u https://ebookcentral.proquest.com/lib/matrademy/detail.action?docID=353419
|z Click to View
|